000 00539nam a2200193 a 4500
001 1760773186425
003 YourLibrary
005 20251018131119.0
008 251018s2017##################000#0#eng##
020 _a9780331909142
082 0 4 _a582.1309
_bFYS
100 1 _aFyson, P. F.,
_eauthor.
245 1 0 _aThe Flora of the Nilgiri and Pulney Hill-Tops, Vol. 3 (Classic Reprint) :
260 _bForgotten Books,
_c2017.
300 _a480 pages
650 0 _aScience.
942 _cENGLISH
040 _aYourLibrary
_beng
_cYourLibrary
999 _c592359
_d592359